000 00689nam a2200217Ia 4500
003 GCL
008 140319s9999 xx 000 0 ara d
040 _aGCL /
_cGCL
082 0 4 _a327.11
_bس م
100 1 _aسمير سرحان
245 1 0 _aمبارك وضمير مصر:الازمة.. المواجهه.. الحل /
_cسمير سرحان
260 _a[S.N] :
_bالهيئة المصرية العامة للكتاب ،
_c1990
300 _a543 ص
490 _aالسلسلة الشعرية الثانية
_v0
650 0 4 _aالكويت
650 0 4 _aمصر
650 0 4 _aالعراق
650 0 4 _aالسياسة
650 0 4 _aمقالات ومحاضرات
942 _2ddc
_cBK
999 _c53952
_d53952